Dopady hospodárskej recesie na slovenský trh práce

Saved in:
Bibliographic Details
Main Author: Michaličková, Lenka
Format: Book Chapter
Language:English
Tags: Add Tag
No Tags, Be the first to tag this record!

MARC

LEADER 00000naa$a2200000$$$4500
001 0103391
005 20240502083246.7
041 0 |a eng 
044 |a CZ 
245 1 0 |a Dopady hospodárskej recesie na slovenský trh práce  |c Lenka Michaličková 
500 |a Abstrakt 
100 1 |a Michaličková, Lenka